Kirby True or False - Statistics

General Stats
  • This quiz has been taken 571 times
    342 since last reset
  • The average score is 7 of 12
Answer Stats
Question Answer % Correct
Hi!!!!!!!!! Hi!!!!!!!!! (makes Kirby happy)
99%
Kirby has not appeared in all the Smash Bros installments. False
93%
Kirby's favorite word is poyo. True
86%
Kirby's Dreamland was released on April 27, 1992. (In Japan) True
85%
The first Kirby game to have Copy Abilities was Kirby's Dreamland 2. False
73%
Kirby's first name was Twinkle Popopo. True
64%
Kirby was to be the original protagonist in Kirby's Epic Yarn. False
62%
Kirby has 3 special moves based on his abilities. There is Inhale and Hammer Flip. The third one is Stone Change. True
47%
The name of his 3 other versions are Keeby, Kaby, and Kirbo. True
40%
Kirby has 3 other versions of himself in Kirby and The Not-So Amazing Mirror. False
36%
Kirby was originally gray. False
27%
Kirby is very famous. He was so famous, they made a show about him that lasted 3 seasons. It was called "Kirby: Right Back At Ya!". False
19%
No matching quizzes found
Score Distribution
Percent of People with Each Score
Percentile by Number Answered
Your Score History
You have not taken this quiz since the last reset